MARC

LEADER 00000nam0a2200000 4500
001 51717
005 20231031040526.0
035 |a (RuTPU)RU\TPU\book\54143 
090 |a 51717 
100 |a 20030507d1967 km y0rusy50 ca 
101 0 |a rus 
102 |a RU 
105 |a a z 001zy 
200 1 |a Бесконтактные двигатели постоянного тока  |f А. А. Дубенский 
210 |a Москва  |c Энергия  |d 1967 
215 |a 144 с.  |c ил. 
320 |a Библиогр.: с. 140-142 
610 1 |a бесконтактные двигатели 
610 1 |a постоянный ток 
610 1 |a устройство 
610 1 |a теория 
610 1 |a вращение 
610 1 |a скорость 
675 |a 621.313.2  |v 3 
700 1 |a Дубенский  |b А. А.  |g Александр Александрович 
801 1 |a RU  |b 63413507  |c 20030507  |g PSBO 
801 2 |a RU  |b 63413507  |c 20220621  |g PSBO 
942 |c BK